000 00845nas a2200253Ia 4500
001 R003/39900
003 IT-RoPAU
008 151124c99999999xx |||||||||||| ||und||
040 _aIT-RoPAU
040 _cIT-RoPAU
041 _aFRANCESE
100 _aPhilippon Alain
_gCodice Aut. SPICS: 18365
210 _aCAHIERS DU CINEMA
222 _aCahiers Du Cinema
245 _aCAHIERS DU CINEMA, ANNO 32-N.341-NOVEMBRE 1982
_bFragments Bruxellois-Entretien Avec Chantal Akerman
250 _a1a ed.
260 _aPARIS
_bL'ETOILE
_c1982
501 _bPaulus - SPICS - Società San Paolo EM (non-commercial uses only)
_cCopyright2015
300 _a6 p. [18-23]
362 _aANNO 032, N.341-NOVEMBRE 1982
500 _aIntervista-A-Chantal-Akerman-Sul-Suo-Film-Toute-Une-Nuit
650 _aCINEMA
_vPUBBLICAZIONE PERIODICA
942 _cCR
999 _c158564
_d158564